Histoire des relations internationales (XXe siècle) : dates - Statistiques

Statistiques générales
  • Ce quiz a été pris 141 fois
  • Le résultat moyen est 35 sur 175
Statistiques - réponses
Hint Réponse % Correct
Déclaration Balfour, promettant un foyer national juif en Palestine. | Naissance d'un régime fondé sur le modèle communiste (Révolution russe). 1917
89%
Entrée en guerre de l'Italie avec la Triple-Entente suite à des accords secrets. 1915
72%
Accords Sykes-Picot entre la France et la Grande-Bretagne pour le partage du Moyen-Orient. 1916
70%
Prise de la ville de Fiume par des milices paramilitaires italiennes (Arditi) ; création des Faisceaux de combat par Mussolini. 1919
57%
Révolution avortée en Russie. 1905
56%
Création du Parti National Fasciste (PNF) par Mussolini. 1921
50%
Marche sur Rome et nomination de Mussolini comme président du Conseil. | Reconnaissance de l'URSS par l'Allemagne. 1922
50%
Création du droit international de la dénazification | L'URSS devient une puissance internationale après la chute de l'Allemagne. 1945
48%
- Printemps : Ralentissement de la production américaine. - 24 octobre : Premier effondrement des marchés boursiers (jeudi noir). - 28 octobre : Krach boursier. | Début de la Grande Dépression, accentuant les crises économiques et politiques en Allemagne. | Début du premier plan quinquennal. 1929
44%
Hyperinflation en Allemagne ; tentative de putsch à Munich par Hitler. 1923
42%
Propagation de la crise économique en Europe. 1930
42%
Allemagne quitte la SDN et entame une politique d'armement. | Conférence de Londres sur la crise économique. 1933
42%
Résolution 181 de l’ONU sur le partage de la Palestine. | Création du Cominform et du Comecon. | Lancement de la doctrine Truman et du plan Marshall. | +2 others 1947
40%
Accords d'Ottawa (préférence impériale Royaume-Uni et Commonwealth). | Élections législatives en Allemagne : le NSDAP obtient 33 % des suffrages. 1932
39%
Conférence de Brazzaville (France). | Retournement de la bataille de Stalingrad. 1944
38%
Invasion de la Mandchourie. 1931
37%
Constitution soviétique et mort de Lénine. | Reconnaissance de l'URSS par la France et le Royaume-Uni. 1924
36%
Indépendance de la Birmanie et du Sri Lanka. | Introduction du Deutschmark en Allemagne occidentale. | Évacuation des troupes soviétiques de Corée. 1948
35%
Indochine organisée en fédération de 5 territoires sous possession française. 1940
34%
Adoption de politiques antisémites en Italie pour des raisons stratégiques. 1938
32%
Charte de l’Atlantique, proclamant le droit des peuples à disposer d’eux-mêmes. | Traité de neutralité entre l'URSS et le Japon. 1941
32%
Évacuation des troupes américaines de Corée. 1949
32%
Crise de Suez. | Décolonisation du Maroc et de la Tunisie. | Révolution en Hongrie. | XXe Congrès du PCUS (début des divergences sino-soviétiques). 1956
32%
Entrée de l'URSS à la Société des Nations (SDN). | Tentative de coup d'État des ligues d'extrême droite en France. 1934
31%
Défaite de Dien Bien Phu 1954
31%
Année de l’Afrique, où 17 pays obtiennent leur indépendance. 1960
31%
Accord de coopération entre la Chine et l’URSS. | Retrait soviétique d’Afghanistan. | Révolutions en Europe de l’Est (Pologne, Hongrie, Tchécoslovaquie). 1989
31%
Début de l'ère Briand-Stresemann. 1925
30%
Intensification de la politique d'armement allemande. 1935
30%
Signature du pacte anti-Komintern (Allemagne et Japon). 1936
30%
L'Italie quitte la SDN. 1937
30%
Génocide dans les centres de mise à mort polonais. 1942
30%
Révolution à Cuba, Fidel Castro prend le pouvoir. 1959
30%
Construction du mur de Berlin. | Rupture totale entre la Chine et l’URSS. 1961
30%
Auschwitz devient le centre de la solution finale. 1943
29%
Accords de Paris, retrait américain du Vietnam. | Crise économique mondiale. | Scandale du Watergate éclate. 1973
29%
Intervention soviétique en Afghanistan. | Révolution iranienne et prise de pouvoir par l’ayatollah Khomeiny. 1979
29%
Conférence de Bandung, naissance du mouvement des Non-Alignés. | Signature du traité de l'OTASE, du pacte de Bagdad, et du pacte de Varsovie. 1955
28%
Crise des missiles de Cuba. 1962
28%
Installation d’un téléphone direct entre le Kremlin et la Maison Blanche. | Signature du traité d'interdiction partielle des essais nucléaires. 1963
28%
Coup d’État militaire en Afghanistan ; mise en place d’un régime pro-soviétique dirigé par Taraki. 1978
28%
Attribution du prix Nobel de la paix à Briand et Stresemann, l'Allemagne entre à la Société des Nations (SDN). 1926
27%
Attentat des JO de Munich | Sommet Nixon-Brejnev, accords SALT 1. | Visite de Nixon en Chine (rapprochement sino-américain) 1972
27%
Démission de Richard Nixon ; Gerald Ford devient président. 1974
27%
Conférence sur la sécurité et la coopération en Europe, ou conférence d’Helsinki. | Guerre civile au Liban. | Prise de Saïgon par les Vietcongs, marquant la fin de la guerre du Vietnam. 1975
27%
Élection de Jimmy Carter à la présidence des États-Unis. | Mort de Mao Zedong, remplacement par Deng Xiaoping. 1976
27%
Traité de paix de San Francisco et pacte de sécurité nippo-américain. 1951
26%
Printemps de Prague. | Signature du traité de non-prolifération des armes nucléaires 1968
26%
Début de la guerre Iran-Irak. | Ronald Reagan est élu président des États-Unis. 1981
26%
Gorbatchev devient leader de l’URSS. 1985
26%
Signature d’un traité entre les États-Unis et l’URSS pour réduire les armements. 1987
26%
La production industrielle atteint le niveau d'avant-guerre. 1927
24%
Accession de la Chine à l’arme nucléaire. 1964
24%
Rupture officielle entre la Chine et l’URSS. 1965
24%
Grèves en Pologne conduisant à la démocratisation. 1988
24%
Accord entre la RFA et l'URSS pour le respect des frontières en Europe de l'Est. 1970
22%
Début de la politique de "Vietnamisation" par Nixon. 1969
21%
Guerre de Corée. 1950-1953
11%
Bombardements atomiques sur Hiroshima et Nagasaki. Août 1945
11%
Fin de la Seconde Guerre mondiale et capitulation du Japon. 2 septembre 1945
10%
Capitulation allemande et manifestation à Sétif en Algérie, marquant le début de la guerre d'Algérie. 8 mai 1945
10%
Chute du mur de Berlin 9 novembre 1989
9%
Signature de l’armistice avec l’Allemagne. 22 juin 1940
8%
Tentative de solution négociée en Indochine, échec des négociations. 1945-1946
7%
Signature du pacte germano-soviétique. 23 août 1939
7%
Hitler est nommé chancelier. 30 janvier 1933
7%
Proclamation de l’indépendance de l’État d’Israël. mai 1948
7%
Le Parlement vote les pleins pouvoirs à Pétain. 10 juillet 1940
6%
Invasion de la Pologne par l'Allemagne. 1er septembre 1939
6%
Attaque de Pearl Harbor et entrée en guerre des États-Unis. décembre 1941
6%
Début du blocus de Berlin par l'URSS. juin 1948
6%
Pétain est nommé président du Conseil. 16 juin 1940
5%
Famine, avec environ 5 millions de victimes, notamment en Ukraine (Holodomor). 1932-1933
5%
Dissolution de l’URSS (Accords de Minsk) décembre 1991
5%
Conférence de Wannsee. janvier 1942
5%
Fin du blocus de Berlin. mai 1949
5%
Anschluss (annexion de l'Autriche par l'Allemagne). mars 1938
5%
Conférence de Munich. septembre 1938
5%
Guerre de l'Italie fasciste contre l'Éthiopie. 1935-1936
4%
Première guerre israélo-arabe, suivie d’un armistice. 1948-1949
4%
Proclamation de la République populaire de Chine. 1er octobre 1949
4%
Début de l’opération Barbarossa. 22 juin 1941
4%
Signature du traité de l'OTAN. avril 1949
4%
Guerre du Kippour. octobre 1973
4%
Premiers actes constitutionnels établissant le régime autoritaire. 11 juillet 1940
3%
Les Allemands entrent à Paris. 14 juin 1940
3%
Grande Terreur sous Staline. 1936-1938
3%
Entrée en vigueur de l’armistice. 25 juin 1940
3%
Débarquement de la baie des Cochons à Cuba. Avril 1961
3%
Défaite allemande à Stalingrad. février 1943
3%
Reprise des Philippines et d'Okinawa par les Américains et conférence de Yalta. février 1945
3%
Paix de Brest-Litovsk avec l'Allemagne. mars 1918
3%
Adoption de la loi du prêt-bail par les États-Unis. mars 1941
3%
Mise en œuvre de la loi "Cash and Carry". novembre 1939
3%
Offensive allemande sur l’Europe de l’Ouest. 10 mai 1940
2%
Accords d’Oslo 13 septembre 1993
2%
Croissance de la main-d’œuvre ouvrière en Russie (augmentation de 30 %). 1910-1914
2%
Seconde Guerre mondiale ; tensions entre nationalismes arabes et politiques britanniques. 1939-1945
2%
Indépendance de l’Inde et partition entre Inde et Pakistan. 1945-1947
2%
Guerre d’Indochine s’internationalise (conflit de la Guerre froide). 1950-1954
2%
Intensification des tensions dans le cadre de la Guerre froide en Asie. 1955-1975
2%
Première Intifada. 1987 - 1993
2%
Guerre des Six Jours entre Israël et les pays arabes. 5-10 juin 1967
2%
Assassinat d’Anouar el-Sadate 6 octobre
2%
Signature des accords de Londres pour la création du tribunal militaire international de Nuremberg. 8 août 1945
2%
Coup d’État manqué contre Gorbatchev août 1991
2%
Invasion de l'Albanie par l'Italie. avril 1939
2%
Conférence de Bretton Woods pour réorganiser le système monétaire international. juillet 1944
2%
Installation du Comité français de libération nationale à Alger, débarquement en Sicile. juin 1943
2%
Victoire à El Alamein, débarquement allié en Afrique du Nord, début de la bataille de Stalingrad. Novembre 1942
2%
Les États-Unis passent de neutralité à non-belligérance. septembre 1940
2%
Abdication de Nicolas II. 15 mars 1917
1%
Période de croissance économique, appelée les Années folles. 1920-1939
1%
Guerre de décolonisation en Indochine. 1946-1950
1%
Conflits frontaliers sino-soviétiques. 1968-1969
1%
Procès de Nuremberg 20 novembre 1945 - 1 octobre 1946
1%
Accords de Genève, fin de la guerre d’Indochine. 21 juillet 1954
1%
Accords de paix entre Israël et l’Égypte 26 mars 1979
1%
Mise en place du gouvernement de Vichy. 29 juin 1940
1%
Élargissement du statut des Juifs. 2 juin 1941
1%
Création officielle de l'Union des républiques socialistes soviétiques (URSS). 30 décembre 1922
1%
Colonisation violente de l'Éthiopie par l'Italie fasciste, entraînant la mort de plus de 100 000 Éthiopiens. Années 1930
1%
Bernard Baruch déclare "La Russie est la seule à s’opposer à l’américaine Way of Life". avril 1945
1%
Création de l'ONU avec la conférence de San Francisco avril-juin 1945
1%
Les dirigeants américains, britanniques et soviétiques prennent acte des massacres contre les Juifs d'Europe. Décembre 1942
1%
François Darlan est nommé vice-président du Conseil. février 1941
1%
Démission de Gorbatchev fin décembre 1991
1%
Capitulation des armées germano-italiennes. mai 1943
1%
Les alliés signent la déclaration de Moscou. octobre 1943
1%
Conférence de Dumbarton Oaks octobre 1944
1%
Début des revers pour l'Axe. Printemps 1942
1%
Domination de l'Empire ottoman sur la région. 13ᵉ siècle - 1918
0%
Mandats de la Société des Nations (SDN) sur la région (Palestine, Liban, Syrie, etc.). 1919-1939
0%
Début des grèves insurrectionnelles à Petrograd. 23 février 1917
0%
Pétain prononce un discours affirmant sa volonté de collaboration avec l'Allemagne. 30 octobre 1940
0%
Intensification des actions répressives du régime de Vichy. Été 1941
0%
Accélération des déportations et massacres des juifs hongrois. mai-juillet 1944
0%
Instauration par Lénine de la Nouvelle Politique Économique (NEP). mars 1921
0%
Début de la collaboration policière avec l'Allemagne. Printemps 1941
0%
L'expression "guerre froide" est utilisée pour la première fois par Walter Lippmann. septembre 1947
0%
Aucun quiz correspondant
Distribution des résultats
% des personnes avec chaque résultat
Percentile par nombre de réponses
Votre historique - résultats
Vous n’avez pas pris ce quiz